| 000 | 00385nam a22001577a 4500 | ||
|---|---|---|---|
| 003 | macl | ||
| 005 | 20230303153706.0 | ||
| 008 | 230303b |||||||| |||| 00| 0 eng d | ||
| 040 | _cmacl | ||
| 082 | _a824/MAN | ||
| 100 |
_aSomdatta Mandal _981801 |
||
| 245 | _aRabindranath Tagore Gleanings of the Road | ||
| 260 |
_aDelhi _bNiyogi Book _c2018 |
||
| 650 | _aEssays | ||
| 942 |
_2ddc _cBK |
||
| 999 |
_c65966 _d65966 |
||